| 000 | 00390nam a22001457a 4500 | ||
|---|---|---|---|
| 999 |
_c7865 _d7865 |
||
| 003 | OSt | ||
| 005 | 20200527123417.0 | ||
| 008 | 200527b ||||| |||| 00| 0 eng d | ||
| 020 | _a9789462084810 | ||
| 082 |
_a711 _bFIR |
||
| 100 | _a Firley, Eric | ||
| 245 | _aDesigning change : professional mutations in urban design 1980-2020 | ||
| 260 |
_bNai010 Publishers _cJune 25, 2019 |
||
| 942 | _2ddc | ||